| 000 | 00523cam a22001932a 4500 | ||
|---|---|---|---|
| 001 | 021514 | ||
| 003 | AR-FADEU | ||
| 008 | 311216n2010####xxu####################dd | ||
| 020 | _a978987-25022-8-7 | ||
| 092 |
_aA863.5 _bG642s |
||
| 100 | _aGonzalez Carey, Fernando | ||
| 245 | _aEl sueño de Nicolás Mascardi y otros cuentos patagonicos | ||
| 260 | _aBuenos Aires | ||
| 260 | _bLa Barca | ||
| 260 | _c2010 | ||
| 300 | _a111 p. : il | ||
| 650 | _aLITERATURA-CUENTOS; LITERATURA RIONEGRINA-CUENTOS | ||
| 942 | _cBDGR | ||
| 999 |
_c27230 _d27230 |
||